000 00491nam a22001937a 4500
003 LK-CoMWRAF
005 20231030095559.0
008 231030b |||||||| |||| 00| 0 eng d
040 _aLK-CoMWRAF
_dLK-CoMWRAF
_eLK-CoMWRAF
041 _aeng
082 _a823
_bNAI
100 _aNair, Anita
245 _aLadies coupe
260 _aNew York :
_bSt. martin's griffin,
_c2004
300 _a306 p. ; 21 cm.
650 _aEnglish Fiction
650 _aEnglish Fiction--India
942 _cBK
999 _c4041
_d4041